00538nam a2200181 a 45000010010000000030011000100080041000210350026000620820014000881000025001022450027001272600053001546500011002079420012002189520091002309980020003219990015003410000-9221ELIB.Books110520 2008  a(ELIB.Books)0000-9373 aB.Th bPa aPa Ne' Tal Htoo, Saw aWays to Overcoming Sin bInsein: Karen Baptist Theolgical Seminary c2008 aThesis 2ddccBK 00102ddc4070aKBTSbKBTSd2011-05-20l0p30309r2022-01-22 00:00:00w2022-01-22yBK cbate2011-05-20 c9221d9221